[Event "AUTO-OPEN-4636"]
[Site "http://www.queenalice.com/game.php?id=1868561"]
[Date "2026.1.27"]
[Round "1"]
[White "IranSilva"]
[Black "EdsonEstevam"]
[Result "1/2-1/2"]
[WhiteElo "2213"]
[BlackElo "1723"]

1. d4 d5 2. c4 e6 3. Nc3 Bb4 4. Nf3 Bxc3+ 5. bxc3 c6 6. Bg5 f6 7. Be3 Ne7 8. Qb3
Nf5 9. Bd2 O-O 10. e3 Nd7 11. cxd5 cxd5 12. c4 dxc4 13. Bxc4 Nb6 14. Bxe6+ Kh8
15. O-O Bxe6 16. Qxe6 Nd6 17. Bb4 Re8 18. Qxd6 a5 19. Bc5 Nc4 20. Qxd8 Raxd8 21.
Rfc1 Na3 22. Bxa3 b5 23. Rc5 b4 24. Bb2 g6 25. Rac1 h5 26. Rxa5 Kh7 27. Rc7+ Kh6
28. Raa7 Rh8 29. Rab7 g5 30. Rxb4 Rb8 31. a3 g4 32. Nh4 Rhf8 33. g3 Rfc8 34.
Rxc8 Rxc8 35. a4 Kg7 36. Rb7+ Kf8 37. Nf5 Ra8 38. Ba3+ Kg8 39. Nh6+ Kh8 40. Be7
Kg7 41. Nf5+ Kg6 42. Nh4+ Kg5 43. Rb6 Rxa4 44. Rxf6 Ra1+ 45. Kg2 Rg1+ 46. Kxg1
1/2-1/2

[Event "AUTO-ADV-4916"]
[Site "http://www.queenalice.com/game.php?id=1868691"]
[Date "2026.1.31"]
[Round "1"]
[White "Magnaroc"]
[Black "EdsonEstevam"]
[Result "0-1"]
[WhiteElo "1736"]
[BlackElo "1725"]

1. e4 e5 2. Nf3 Nc6 3. d4 Nxd4 4. Nxd4 exd4 5. Qxd4 d6 6. Nc3 Nf6 7. Bg5 Be7 8.
e5 c5 9. Qe3 dxe5 10. Qxe5 h6 11. Bxf6 gxf6 12. Qe3 Be6 13. Bb5+ Kf8 14. Rd1 Bd6
15. O-O Rg8 16. Qxh6+ Rg7 17. Qh8+ Rg8 0-1

[Event "AUTO-ADV-4916"]
[Site "http://www.queenalice.com/game.php?id=1868692"]
[Date "2026.1.31"]
[Round "1"]
[White "EdsonEstevam"]
[Black "Magnaroc"]
[Result "1-0"]
[WhiteElo "1741"]
[BlackElo "1720"]

1. e4 e5 2. Nf3 Nc6 3. Bb5 a6 4. Bxc6 dxc6 5. Nxe5 Qd4 6. Nf3 Qxe4+ 7. Qe2 Qxe2+
8. Kxe2 Bg4 9. Re1 O-O-O 10. Nc3 Re8+ 11. Kf1 Nf6 12. Re3 Rxe3 13. dxe3 Bxf3 14.
gxf3 Bb4 15. Bd2 Bxc3 16. Bxc3 Nh5 17. f4 Re8 18. Rd1 1-0

[Event "AUTO-ADV-4916"]
[Site "http://www.queenalice.com/game.php?id=1868709"]
[Date "2026.1.31"]
[Round "1"]
[White "EdsonEstevam"]
[Black "mvson33"]
[Result "0-1"]
[WhiteElo "1732"]
[BlackElo "1918"]

1. e4 e5 2. Nf3 Nc6 3. Bc4 Be7 4. a3 Nf6 5. d3 O-O 6. h3 d6 7. Nc3 Bd7 8. Bg5 h6
9. Bxf6 Bxf6 10. Nd5 Na5 11. Ba2 Nc6 12. O-O Be6 13. Nxf6+ Qxf6 14. Bxe6 Qxe6
15. c3 f5 16. exf5 Qxf5 17. b4 Ne7 18. c4 Ng6 19. Re1 Nf4 20. Kh2 Rf7 21. g3
Nxd3 22. Re3 Nxf2 23. Qf1 Ne4 24. Rae1 Ng5 25. Kg2 Raf8 26. Nd2 Qxh3+ 27. Kg1
Rxf1+ 28. Nxf1 Nf3+ 29. Rxf3 Rxf3 30. a4 Ra3 31. a5 Ra2 32. Ne3 Qh2+ 33. Kf1
Qf2# 0-1

[Event "AUTO-ADV-4916"]
[Site "http://www.queenalice.com/game.php?id=1868710"]
[Date "2026.1.31"]
[Round "1"]
[White "mvson33"]
[Black "EdsonEstevam"]
[Result "1-0"]
[WhiteElo "1904"]
[BlackElo "1741"]

1. e4 e5 2. Nf3 Nc6 3. Bc4 h6 4. O-O Nf6 5. d3 d6 6. Nbd2 Bg4 7. a3 Nd4 8. b4 b5
9. Ba2 Bxf3 10. Nxf3 c6 11. Bb2 d5 12. Nxe5 c5 13. bxc5 Ne6 14. c6 Bd6 15. Nf3
Ng4 16. Bxd5 Qb8 17. h3 Bh2+ 18. Kh1 O-O 19. c7 Qxc7 20. Bxa8 Be5 21. Nxe5 Nxe5
22. Bxe5 Qxe5 23. Bd5 Ng5 24. f4 Qf6 25. fxg5 Qxg5 26. Rxf7 Rxf7 27. Qf3 1-0